The Oxford handbook of governance and public management for social policy / edited by Karen J. Baehler. (Record no. 22364)

000 -LEADER
fixed length control field 02409nam a22001697a 4500
020 ## - INTERNATIONAL STANDARD BOOK NUMBER
ISBN 9780190916329
082 ## - DEWEY DECIMAL CLASSIFICATION NUMBER
Classification number 361.61
Item number Ox984 2023
245 ## - TITLE STATEMENT
Title The Oxford handbook of governance and public management for social policy / edited by Karen J. Baehler.
260 ## - PUBLICATION, DISTRIBUTION, ETC. (IMPRINT)
Place of publication New York, NY :
Name of publisher Oxford University Press,
Year of publication c2023.
300 ## - PHYSICAL DESCRIPTION
Number of Pages 1 online resource, xix, 1042 pages :
Other physical details Illustrations.
490 ## - SERIES STATEMENT
Series statement Oxford library of international social policy.
500 ## - GENERAL NOTE
General note Includes bibliographical references and index.
520 ## - SUMMARY, ETC.
Summary, etc "Current knowledge about the public social welfare sphere is vast, but fragmented. Boundaries defined by geography, language, and culture hinder knowledge exchange globally. In addition, there are not enough opportunities for explorers of the field's two conceptual hemispheres -- social policy and social administration-to share insights across disciplinary boundaries. The Oxford Handbook of Governance and Management for Social Policy seeks to overcome these obstacles by applying multiple administrative lenses to diverse social policy issues from around the globe. Authors were carefully chosen by editors based in Africa, Asia, Australasia, Canada and the United States, Europe, and Latin America to detail the challenges facing their regions' social welfare spheres and the ways in which social systems have responded. Each main section of the handbook profiles the state of interdisciplinary knowledge in a geographic region during the decades spanning the turn of the millennium. Sub-sections of the handbook are organized thematically to enable inter-regional comparisons and spark insights across socio-cultural and academic boundaries. The result is a map of the intersection of social policy, governance studies, and public management on the eve of the COVID-19 global pandemic on all six of our planet's continuously inhabited continents.Starting in 2020, the pandemic and related crises forced adaptations to social welfare systems in every part of the world, with implications that may not be understood for generations. Future researchers will describe and measure such changes relative to benchmarks set in the pre-pandemic period, including the rich variety of practices and paradigms collected in this handbook." -- Provided by publisher.
650 ## - SUBJECT ADDED ENTRY--TOPICAL TERM
Topical Term Governance and Public Management -- Social Policy.
700 ## - ADDED ENTRY--PERSONAL NAME
Personal name Baehler, Karen J., editor.
942 ## - ADDED ENTRY ELEMENTS (KOHA)
Koha item type Electronic Books
Holdings
Source of acquisition Permanent Location Date acquired Collection code Koha item type Lost status Shelving location Withdrawn status Current Location Full call number
DonationCagayan State University - Carig Library2026-04-14E-BooksElectronic Books E-Resource Section Cagayan State University - Carig Library361.61 Ox984 2023

Cagayan State University University Library, Carig Campus
Tuguegarao City, Cagayan 3500 | www.csucarig.edu.ph

Powered by Koha